La decisión es nuestra: Iº medio, manual para profesores. Programa de prevención del consumo de drogas y alcohol 7º Básico al IVº Medio.

Guardat en:
Dades bibliogràfiques
Autor corporatiu: SENDA, Servicio Nacional para la Prevención y Rehabilitación del Consumo de Drogas y Alcohol
Format: Llibre
Idioma:espanyol
Publicat: Santiago, Chile SENDA 2016
Edició:1a. ed
Matèries:
Etiquetes: Afegir etiqueta
Sense etiquetes, Sigues el primer a etiquetar aquest registre!

MARC

LEADER 00000cam a2200000 a 4500
001 UCC0687
003 CL-VaPUC
005 20231109073950.0
008 170825e20160000cl |||||||||||||||||spa|d
999 |c 369441  |d 369439 
020 |a 9789569141348 
040 |c Pontificia Universidad Católica de Valparaíso 
082 0 4 |a 371.784 SEN 2016  |2 21 
110 2 |a SENDA  |9 594677 
245 1 3 |a La decisión es nuestra: Iº medio, manual para profesores. Programa de prevención del consumo de drogas y alcohol 7º Básico al IVº Medio. 
250 |a 1a. ed 
260 0 3 |a Santiago, Chile  |b SENDA  |c 2016 
300 |a 60 páginas 
500 |a Incluye: 5 ruedas del no sesion 1: ¡este soy yo...y que tanto! 20 tarjetas sesión 2: preguntas miles, respuestas infinitas. 40 fichas para estudiantes. 41 fichas para apoderados: taller de apoderados ¡cuidado, riesgo a la vista! 
583 |a last modification  |c 20170825 13:52:00  |k Rodrigo Vera 
650 0 |a Consumo de drogas  |9 390009 
650 0 |a Consumo de alcohol  |9 541902 
650 7 |a PREVENCION DE DROGAS  |2 CL-VaPUC  |9 419242 
650 0 |a Abuso de drogas  |9 254876 
650 0 |a Manuales  |9 257144 
650 0 |a Educación básica   |9 224933 
710 2 |a Servicio Nacional para la Prevención y Rehabilitación del Consumo de Drogas y Alcohol  |9 594678 
942 |c BK  |2 ddc 
945 |d 20170825 13:52:00  |a arojas 
952 |0 0  |1 0  |2 ddc  |3 erb  |4 0  |6 371_784000000000000_SEN_2016  |7 0  |8 P  |9 485248  |a BIBEDU  |b BIBEDU  |c BIBEDU_PB  |i 5418526  |o 371.784 SEN 2016  |p 5418526  |r 2024-01-25  |t 1  |w 2019-11-24  |y BK  |z Catalogado en:20170825  |k EDU